| 000 | 00696nam a22002297a 4500 | ||
|---|---|---|---|
| 005 | 20170124105910.0 | ||
| 010 | _aB-182440 | ||
| 020 |
_a1403924945 _c255.00 |
||
| 035 | _aB-182440 | ||
| 037 | _bCen Lib/Ret | ||
| 040 |
_aDPL _bEN |
||
| 082 |
_a658.8 _bKAP |
||
| 100 |
_aKapoor, Ramneek _9112371 |
||
| 245 |
_aFundamental of sales management / _cby Ramneek Kapoor |
||
| 260 |
_aDelhi _bMacmillan _c2005 |
||
| 270 |
_a2/10 Ansari Road, Daryaganj _bNew Delhi _e110002 |
||
| 300 |
_axi,336p. : _c24cm(pbk) |
||
| 500 | _aIncludes bibliographic references and index | ||
| 650 |
_aMarketing _96818 |
||
| 650 |
_aRetail sales management _9112372 |
||
| 942 |
_2ddc _cEN _h658.8 _mKAP |
||
| 999 |
_c122433 _d122433 |
||